| 000 | 00551nam a2200145 4500 | ||
|---|---|---|---|
| 999 |
_c8272 _d8272 |
||
| 008 | 180112b xxu||||| |||| 00| 0 eng d | ||
| 022 | _a01181831 | ||
| 082 | _aDPer 613.05 H34 Jul-Nov 2013 | ||
| 100 |
_925592 _aRoco, Denise. |
||
| 245 |
_aD.I.Y beauty practices that still work: _bancient remedies sometimes work just well as-or even better than-modern miracles/ _cDenise Roco. |
||
| 260 |
_aPhilippines: _bMIMS Pte Ltd KDN, _c©2013. |
||
| 300 |
_apages 71-73: _billustrations; _c28 cm. |
||
| 650 | 0 |
_925593 _aBeauty _xPractices. |
|
| 942 |
_2ddc _cPER |
||